| 000 | 00792nam a2200289 i 4500 | ||
|---|---|---|---|
| 003 | DO-SdBNP | ||
| 005 | 20231012093630.0 | ||
| 006 | a||||gr|||| 00| 0 | ||
| 007 | ta | ||
| 008 | 231009e2002 sp ac||| |||| 00| 1 spa d | ||
| 040 |
_aDO-SdBNP _bspa _cBNPHU _erda |
||
| 082 | 4 |
_bA265 _222 |
|
| 100 | _984417 | ||
| 245 | 1 | 0 | _aAgenda de la comunicación 2003 |
| 264 | 1 |
_aMadrid : _bSecretaria de Estado de Comunicación, _c2002 |
|
| 300 |
_a1143 páginas ; _c21 cm |
||
| 336 |
_2rdacontent _atexto _btxt |
||
| 337 |
_2rdamedia _asin medición _bn |
||
| 338 |
_2rdacarrier _avolumen _bnc |
||
| 590 | _aInventariado 2023 / DG | ||
| 650 | 4 |
_aPoesia guatemalteca _915066 |
|
| 650 | 4 |
_aLiteratura Guatemalteca _95393 |
|
| 700 | _984432 | ||
| 700 | _984433 | ||
| 910 | _aDG | ||
| 942 |
_2ddc _cLBS1 |
||
| 999 |
_c55158 _d55158 |
||